Click The Sport - Statistics

General Stats
  • This quiz has been taken 98 times
  • The average score is 10 of 11
Answer Stats
Hint Answer % Correct
Hole in one Golf
99%
Home run Baseball
95%
Touchdown Football
94%
Penalty kick Soccer
94%
Serve Tennis
94%
High jump Track and Field
94%
Bullseye Darts
91%
Kickflip Skateboarding
91%
Three - pointer Basketball
90%
Puck Hockey
90%
Pin Bowling
86%
No matching quizzes found
Score Distribution
Percent of People with Each Score
Percentile by Number Answered
Your Score History
You have not taken this quiz